000 00347nab a22001097u 4500
008 130520b2006 xxu||||| |||| 00| 0 spa d
041 _aspa
100 1 _aKim, Young-Mi
_975742
245 0 0 _aLa igualdad de género, el budismo y la sociedad coreana
_cYoung-Mi Kim
773 0 _tConcilium
_gnº316,2006,págs. 125-136
_x0210-1041
_wRev134
942 _cAR
999 _c378215
_d378215